[Event "67. BEM 2013"]
[Site "Dortmund"]
[Date "2013.02.18"]
[Round "1.19"]
[White "Reker, Gerhard"]
[Black "Tekin, Baran"]
[Result "0-1"]
[WhiteElo "864"]
[BlackElo "1709"]
[PlyCount "42"]
[EventDate "2013.??.??"]
[Source "SG Dortmund"]
[SourceDate "2004.12.16"]

1. e4 g6 2. Nf3 Bg7 3. Bc4 e6 4. O-O a6 5. d3 b5 6. Bb3 Bb7 7. a4 d6 8. axb5
axb5 9. Na3 b4 10. Bg5 f6 11. Nb5 fxg5 12. Bxe6 Rxa1 13. Qxa1 Nh6 14. Qa7 Bc8
15. Nxc7+ Ke7 16. Qxb8 Bxe6 17. Qb7 Qd7 18. Nxg5 Bf7 19. Nd5+ Bxd5 20. Qxd5 Rc8
21. c4 Rc5 0-1

[Event "67. BEM 2013"]
[Site "Dortmund"]
[Date "2013.02.19"]
[Round "2.1"]
[White "Kohlweyer, Bernd"]
[Black "Hoppe, Dirk"]
[Result "1-0"]
[WhiteElo "2434"]
[BlackElo "1843"]
[PlyCount "55"]
[EventDate "2013.??.??"]
[Source "SG Dortmund"]
[SourceDate "2004.12.16"]

1. d4 d5 2. c4 e6 3. Nf3 f5 4. Bf4 Nf6 5. e3 c6 6. Nc3 Be7 7. Qc2 O-O 8. Bd3
Ne4 9. g4 Na6 10. a3 c5 11. gxf5 cxd4 12. Nxd4 Nxc3 13. bxc3 exf5 14. Bxf5 Bxf5
15. Nxf5 Bf6 16. Rd1 Bxc3+ 17. Qxc3 Rxf5 18. O-O Rc8 19. Qd3 Qf6 20. cxd5 Nc5
21. Qc4 h5 22. Bg3 b5 23. Qd4 Qf7 24. e4 Nxe4 25. Qxe4 Rc4 26. Qe6 h4 27. Bb8
h3 28. Rd3 1-0

[Event "67. BEM 2013"]
[Site "Dortmund"]
[Date "2013.02.19"]
[Round "2.2"]
[White "Sonntag, Joachim"]
[Black "Schmittdiel, Eckhard"]
[Result "0-1"]
[WhiteElo "1799"]
[BlackElo "2361"]
[PlyCount "72"]
[EventDate "2013.??.??"]
[Source "SG Dortmund"]
[SourceDate "2004.12.16"]

1. e4 c5 2. Nf3 Nc6 3. d4 cxd4 4. Nxd4 Nf6 5. Nc3 e6 6. Be2 Bb4 7. f3 d5 8.
Nxc6 bxc6 9. O-O O-O 10. e5 Nd7 11. f4 Ba6 12. Kh1 Bxe2 13. Nxe2 Qb6 14. Rf3 f6
15. a3 Be7 16. Rb3 Qc7 17. Nd4 Nc5 18. Re3 Qd7 19. Nf3 f5 20. Nd2 a5 21. Qh5 g6
22. Qh6 Rf7 23. Rg3 Rb8 24. Qh3 Ne4 25. Rf3 Nxd2 26. Bxd2 Rxb2 27. Bxa5 Rxc2
28. Rb3 Qa7 29. Bb6 Qa4 30. Qd3 Rc4 31. Be3 Bf8 32. Rab1 Qa6 33. Rc3 Ra4 34.
Qc2 c5 35. Bxc5 d4 36. Rcb3 Rc4 0-1

[Event "67. BEM 2013"]
[Site "Dortmund"]
[Date "2013.02.19"]
[Round "2.3"]
[White "Zelt, Jens"]
[Black "Schmock, Sven"]
[Result "1-0"]
[WhiteElo "2066"]
[BlackElo "1779"]
[PlyCount "101"]
[EventDate "2013.??.??"]
[Source "SG Dortmund"]
[SourceDate "2004.12.16"]

1. d4 d5 2. Nf3 Nf6 3. Bf4 Bf5 4. c3 e6 5. Qb3 Qc8 6. Nbd2 Nbd7 7. e3 Be7 8.
Be2 O-O 9. O-O c5 10. Nh4 Be4 11. f3 Bg6 12. Nxg6 hxg6 13. Bg3 c4 14. Qc2 Qc6
15. Bf2 b5 16. e4 dxe4 17. fxe4 e5 18. Bf3 Rad8 19. Rad1 Bd6 20. Rfe1 Qc7 21.
g3 Rfe8 22. Nf1 Nb6 23. Ne3 Re7 24. Kg2 Rde8 25. Nf1 Nbd7 26. Re3 Nf8 27. h4
Ne6 28. d5 Nc5 29. Be2 Qd7 30. Nh2 Ncxe4 31. Rxe4 Nxe4 32. Qxe4 f5 33. Qc2 e4
34. Be3 Qc7 35. Nf1 Rd7 36. b3 cxb3 37. axb3 a6 38. c4 Bxg3 39. Nxg3 f4 40. d6
f3+ 41. Kh2 Qd8 42. Bg5 Qb6 43. Bf1 Rxd6 44. c5 Rc6 45. Qxe4 Rxe4 46. cxb6 Re8
47. Bd8 Rc8 48. Bc7 Kh7 49. Bd3 f2 50. Ne4 Rf8 51. Kg2 1-0

[Event "67. BEM 2013"]
[Site "Dortmund"]
[Date "2013.02.19"]
[Round "2.4"]
[White "Schulz-Runge, Michael"]
[Black "Schiefelbusch, Dirk"]
[Result "0-1"]
[WhiteElo "1751"]
[BlackElo "2061"]
[PlyCount "60"]
[EventDate "2013.??.??"]
[Source "SG Dortmund"]
[SourceDate "2004.12.16"]

1. e4 c6 2. f4 d5 3. e5 Bf5 4. Nf3 e6 5. Be2 Nd7 6. O-O Ne7 7. Nh4 Bg6 8. g4 f5
9. exf6 gxf6 10. d3 Qb6+ 11. Kh1 O-O-O 12. b4 Qxb4 13. c3 Qa5 14. Bd2 Bg7 15.
f5 exf5 16. gxf5 Bf7 17. d4 Nb6 18. Qe1 Rhe8 19. c4 Qa4 20. Nc3 Qa3 21. c5 Nc4
22. Bc1 Qa5 23. Rb1 Ng8 24. Qg3 Bh6 25. Bxh6 Nxh6 26. Bxc4 dxc4 27. Rb2 Rxd4
28. Nf3 Qxc3 29. Rxb7 Kxb7 30. Rb1+ Ka6 {und Weiss ueberschritt die Zeit.} 0-1

[Event "67. BEM 2013"]
[Site "Dortmund"]
[Date "2013.02.19"]
[Round "2.5"]
[White "Morawietz, Manuel"]
[Black "Simon, Thomas"]
[Result "1-0"]
[WhiteElo "1935"]
[BlackElo "1778"]
[PlyCount "97"]
[EventDate "2013.??.??"]
[Source "SG Dortmund"]
[SourceDate "2004.12.16"]

1. e4 c5 2. Nf3 Nc6 3. Bb5 g6 4. O-O Bg7 5. c3 Nf6 6. Re1 O-O 7. d4 cxd4 8.
cxd4 d5 9. e5 Ne4 10. Nc3 Nxc3 11. bxc3 Na5 12. Nd2 a6 13. Bd3 b5 14. a4 Bd7
15. axb5 Bxb5 16. Bxb5 axb5 17. Nb3 Nc4 18. Rb1 e6 19. Nc5 Ra2 20. Rxb5 Ra1 21.
Qe2 Qh4 22. Nb3 Ra7 23. Qd3 Rc8 24. Nd2 Ra2 25. g3 Qd8 26. Nxc4 Rxc4 27. Bd2
Ra8 28. Reb1 Rac8 29. Kg2 Qd7 30. h4 h6 31. Rb7 R4c7 32. Qa6 Kh7 33. R1b6 Rxb7
34. Rxb7 Rc7 35. Rb8 Ra7 36. Qb6 Qc7 37. Qb5 Qd7 38. Qxd7 Rxd7 39. Rc8 Ra7 40.
Kf3 Ra2 41. Ke2 g5 42. h5 Ra1 43. g4 Rg1 44. f3 f6 45. exf6 Bxf6 46. Rc6 Rg2+
47. Ke3 Kg7 48. Rxe6 Kf7 49. Rd6 1-0

[Event "67. BEM 2013"]
[Site "Dortmund"]
[Date "2013.02.19"]
[Round "2.6"]
[White "Tekin, Baran"]
[Black "Begna, Bozidar"]
[Result "0-1"]
[WhiteElo "1709"]
[BlackElo "1929"]
[PlyCount "62"]
[EventDate "2013.??.??"]
[Source "SG Dortmund"]
[SourceDate "2004.12.16"]

1. d4 d6 2. Nf3 Nf6 3. c4 Nbd7 4. Nc3 e5 5. e4 c6 6. Be2 Be7 7. O-O O-O 8. a3
Qc7 9. d5 Re8 10. Ne1 Nf8 11. Be3 Ng6 12. Nd3 Bf8 13. Rc1 Bd7 14. c5 cxd5 15.
Nxd5 Nxd5 16. exd5 Bb5 17. cxd6 Qxd6 18. Qb3 Ba6 19. Rc2 Ne7 20. Bf3 Nf5 21.
Bc5 Qf6 22. Qb4 Bxc5 23. Rxc5 Bxd3 24. Rd1 e4 25. Bg4 Nd6 26. Rc7 g6 27. Rd7
Red8 28. Rc1 Qf4 29. Rcc7 Qxg4 30. h3 Qf4 31. g3 Qf6 0-1

[Event "67. BEM 2013"]
[Site "Dortmund"]
[Date "2013.02.19"]
[Round "2.7"]
[White "Gennat, Egon L"]
[Black "Lauche, Christoph"]
[Result "0-1"]
[WhiteElo "1455"]
[BlackElo "1914"]
[PlyCount "70"]
[EventDate "2013.??.??"]
[Source "SG Dortmund"]
[SourceDate "2004.12.16"]

1. c4 f5 2. Nc3 Nf6 3. d4 g6 4. Nf3 Bg7 5. Bg5 O-O 6. Qd2 d6 7. g3 Nbd7 8. Bg2
c6 9. Bh6 e5 10. Bxg7 Kxg7 11. dxe5 dxe5 12. O-O-O Qe7 13. Qd6 Qxd6 14. Rxd6
Ng4 15. Nd1 e4 16. Nd4 Nde5 17. b3 Nf7 18. Ne6+ Kg8 19. Nxf8 Nxd6 20. f3 Nf6
21. fxe4 Ndxe4 22. Bxe4 Nxe4 23. Ne3 Kxf8 24. Rf1 Kg7 25. Kc2 Be6 26. Ng2 Rd8
27. Nf4 Rd2+ 28. Kc1 Bf7 29. Rd1 Rxd1+ 30. Kxd1 Nc3+ 31. Kd2 Nxa2 32. Nd3 b5
33. cxb5 cxb5 34. b4 Kf6 35. Kc2 Bc4 0-1

[Event "67. BEM 2013"]
[Site "Dortmund"]
[Date "2013.02.19"]
[Round "2.8"]
[White "Kesselmeier, Klaus"]
[Black "Kropp, Andreas"]
[Result "1/2-1/2"]
[WhiteElo "1365"]
[BlackElo "1908"]
[PlyCount "47"]
[EventDate "2013.??.??"]
[Source "SG Dortmund"]
[SourceDate "2004.12.16"]

1. e4 Nf6 2. Nc3 d5 3. exd5 Nxd5 4. Nxd5 Qxd5 5. Nf3 Bg4 6. Be2 e6 7. O-O Be7
8. d4 O-O 9. c3 c5 10. Re1 Rd8 11. c4 Qd6 12. dxc5 Qxc5 13. Qb3 Qc7 14. Be3 Nc6
15. h3 Bf5 16. Rad1 a5 17. Bb6 Qf4 18. Bxd8 Nxd8 19. Qe3 Qc7 20. Qb3 Nc6 21. a3
Bf6 22. Rd2 h5 23. c5 Qe7 24. Bb5 1/2-1/2

[Event "67. BEM 2013"]
[Site "Dortmund"]
[Date "2013.02.19"]
[Round "2.9"]
[White "Zachos, Ingo"]
[Black "Cogan, Leonid"]
[Result "1-0"]
[WhiteElo "1884"]
[BlackElo "1725"]
[PlyCount "33"]
[EventDate "2013.??.??"]
[Source "SG Dortmund"]
[SourceDate "2004.12.16"]

1. Nf3 d5 2. c4 d4 3. g3 Nf6 4. Bg2 Nc6 5. O-O e5 6. d3 Bd6 7. Na3 a6 8. Nc2
O-O 9. b4 Nxb4 10. Nxb4 Bxb4 11. Nxe5 Re8 12. Nf3 Rb8 13. Rb1 Ba5 14. Bb2 c5
15. Ba3 Qe7 16. Nxd4 Bc3 17. Nc6 1-0

[Event "67. BEM 2013"]
[Site "Dortmund"]
[Date "2013.02.19"]
[Round "2.10"]
[White "Schütz, Ralf"]
[Black "Ziemek, Gerhard"]
[Result "1-0"]
[WhiteElo "1848"]
[BlackElo "1692"]
[PlyCount "93"]
[EventDate "2013.??.??"]
[Source "SG Dortmund"]
[SourceDate "2004.12.16"]

1. e4 c5 2. Nf3 Nc6 3. d4 cxd4 4. Nxd4 e6 5. Nc3 Bc5 6. Nb3 Bb4 7. Bd2 Nf6 8.
Qe2 e5 9. O-O-O a5 10. Nb5 O-O 11. a3 Be7 12. f4 a4 13. Na1 d6 14. f5 d5 15.
exd5 Qxd5 16. Nc3 Qd4 17. Bg5 Qg4 18. Bxf6 Qxe2 19. Bxe2 Bxf6 20. Ne4 Bd8 21.
g4 Nd4 22. Bc4 b5 23. Bd5 Rb8 24. c3 Ne2+ 25. Kb1 Nf4 26. Rhe1 Nxd5 27. Rxd5 f6
28. Nd6 Ba6 29. Nc2 Bc7 30. Ne4 Bb7 31. Rd7 Bb6 32. g5 Bc8 33. Rd5 Bxf5 34.
Rxb5 Rfd8 35. gxf6 gxf6 36. Nxf6+ Kf7 37. Ne4 Bc7 38. Rc5 Rd7 39. Rf1 Ke6 40.
Ng5+ Kd6 41. Rc4 Rf8 42. Kc1 h6 43. Ne3 hxg5 44. Nxf5+ Ke6 45. Ng7+ Ke7 46.
Rxf8 Kxf8 47. Ne6+ 1-0

[Event "67. BEM 2013"]
[Site "Dortmund"]
[Date "2013.02.19"]
[Round "2.11"]
[White "Schwarz, Ingo"]
[Black "Grube, Jörg"]
[Result "0-1"]
[WhiteElo "1875"]
[BlackElo "1789"]
[PlyCount "62"]
[EventDate "2013.??.??"]
[Source "SG Dortmund"]
[SourceDate "2004.12.16"]

1. Nf3 Nf6 2. Nc3 g6 3. e4 d6 4. d4 Bg7 5. Be3 c6 6. h3 O-O 7. Qd2 b5 8. Bd3
Nfd7 9. g4 e5 10. d5 b4 11. Ne2 cxd5 12. Qxb4 Nb6 13. Bxb6 axb6 14. exd5 f5 15.
gxf5 gxf5 16. Bb5 Na6 17. Qc4 Nc7 18. Bc6 Ra5 19. Nc3 e4 20. Nd2 Qh4 21. Qb4
Rc5 22. Nb3 Na6 23. Qxb6 Rxc3 24. bxc3 Bxc3+ 25. Kd1 Qf6 26. Rb1 Nb4 27. Rg1+
Kh8 28. Qa7 f4 29. Qa4 e3 30. fxe3 fxe3 31. Bb5 Qf2 0-1

[Event "67. BEM 2013"]
[Site "Dortmund"]
[Date "2013.02.19"]
[Round "2.12"]
[White "Lassek, Harald"]
[Black "Raskin, Vitali"]
[Result "0-1"]
[WhiteElo "1290"]
[BlackElo "1671"]
[PlyCount "120"]
[EventDate "2013.??.??"]
[Source "SG Dortmund"]
[SourceDate "2004.12.16"]

1. e4 e5 2. Nf3 Nc6 3. Bb5 a6 4. Ba4 Nf6 5. Nc3 b5 6. Bb3 Be7 7. O-O O-O 8. Re1
d6 9. h3 Nd4 10. Nd5 Nxd5 11. Bxd5 c6 12. Nxd4 cxd5 13. Nc6 Qc7 14. Nxe7+ Qxe7
15. exd5 Bb7 16. d4 e4 17. Bf4 Bxd5 18. Re3 f5 19. Rg3 Kh8 20. Qh5 Qe6 21. b3
Rf6 22. Re1 Rc8 23. c3 a5 24. Rb1 Rg6 25. Rxg6 Qxg6 26. Qxg6 hxg6 27. Rc1 Rc6
28. Kf1 Kg8 29. Ke2 Kf7 30. Ke3 Kf6 31. h4 a4 32. Bg5+ Ke6 33. bxa4 bxa4 34. a3
Rb6 35. Kd2 Bc4 36. f3 Rb3 37. fxe4 fxe4 38. g4 Rxa3 39. Rb1 Ra2+ 40. Kc1 Bb3
41. Rb2 Ra1+ 42. Rb1 Ra3 43. Rb2 Kd5 44. Be7 Ra1+ 45. Rb1 Rxb1+ 46. Kxb1 e3 47.
h5 gxh5 48. gxh5 e2 49. Bh4 Ke4 50. Kb2 Kf3 51. Ka3 Kg4 52. Be1 Kxh5 53. c4
Bxc4 54. Kxa4 Kg4 55. Kb4 d5 56. Kc5 Kf3 57. Kd6 g5 58. Ke5 g4 59. Kf5 g3 60.
Bxg3 Kxg3 0-1

[Event "67. BEM 2013"]
[Site "Dortmund"]
[Date "2013.02.19"]
[Round "2.13"]
[White "Büdel, Jürgen"]
[Black "Winkler, Harald"]
[Result "0-1"]
[WhiteElo "1637"]
[BlackElo "1323"]
[PlyCount "118"]
[EventDate "2013.??.??"]
[Source "SG Dortmund"]
[SourceDate "2004.12.16"]

1. Nf3 g6 2. g3 Bg7 3. Nc3 Nc6 4. Bg2 Nf6 5. d4 d5 6. O-O O-O 7. Bf4 a6 8. Ne5
Na5 9. b3 e6 10. Qd2 b6 11. Bh6 Bb7 12. Bxg7 Kxg7 13. f3 Nc6 14. Nxc6 Bxc6 15.
Rae1 Bb7 16. Nd1 c5 17. e3 Re8 18. c3 Qc7 19. Nf2 c4 20. Rb1 b5 21. bxc4 bxc4
22. Qb2 Reb8 23. Qb6 Qc8 24. Qd6 Bc6 25. Qe5 Qd8 26. Ng4 Rxb1 27. Rxb1 h5 28.
Nxf6 Qxf6 29. Qc7 Be8 30. Rb7 Qd8 31. Qe5+ Qf6 32. Bh3 Qxe5 33. dxe5 Kh6 34. f4
g5 35. f5 g4 36. Bg2 Kg5 37. fxe6 fxe6 38. e4 Rd8 39. Kf2 d4 40. cxd4 Rxd4 41.
Rg7+ Kh6 42. Re7 Bd7 43. Rf7 c3 44. Ke3 Rd1 45. Rf2 Ba4 46. Rf6+ Kg7 47. Kf4 c2
48. Kg5 c1=Q+ 49. Kxh5 Be8+ 50. Kxg4 Bf7 51. h4 Qc3 52. a4 Qxe5 53. Rf4 Qh5+
54. Kh3 Rc1 55. a5 e5 56. Rg4+ Kf8 57. Rg5 Be6+ 58. Kh2 Qd1 59. g4 Qg1+ 0-1

[Event "67. BEM 2013"]
[Site "Dortmund"]
[Date "2013.02.19"]
[Round "2.14"]
[White "Koch, Detlev"]
[Black "Rzoczek, Christoph"]
[Result "1/2-1/2"]
[WhiteElo "1312"]
[BlackElo "1513"]
[PlyCount "137"]
[EventDate "2013.??.??"]
[Source "SG Dortmund"]
[SourceDate "2004.12.16"]

1. e4 d5 2. exd5 Qxd5 3. d4 Nf6 4. c3 e5 5. Qf3 exd4 6. Qxd5 Nxd5 7. Bc4 Nb6 8.
Bb5+ c6 9. Bd3 dxc3 10. Nxc3 Bg4 11. h3 Bh5 12. Nge2 N8d7 13. Nf4 Ne5 14. Bc2
Bg6 15. Nxg6 hxg6 16. Bf4 Nec4 17. O-O-O Be7 18. Rhe1 Rd8 19. Rxd8+ Kxd8 20.
Rd1+ Kc8 21. b3 Ba3+ 22. Kb1 Na5 23. Ne4 Nd5 24. Bc1 Be7 25. Rd3 b5 26. Nc3 Nb4
27. Rf3 Nxc2 28. Kxc2 Rf8 29. Bb2 Nb7 30. Ne4 f6 31. h4 Kc7 32. Rg3 Rh8 33.
Rxg6 Rxh4 34. Ng3 Rf4 35. f3 Bf8 36. Nh5 Rf5 37. Nxg7 Bxg7 38. Rxg7+ Kb6 39.
Kd2 Rd5+ 40. Ke2 f5 41. g4 fxg4 42. Rxg4 a5 43. Rd4 Rh5 44. Ke3 Nc5 45. Rd2 b4
46. Bd4 Kb5 47. Bxc5 Kxc5 48. Rd4 Kb5 49. Rd2 c5 50. f4 c4 51. Ke4 c3 52. Rc2
Kc6 53. Rf2 Kd6 54. f5 Rh4+ 55. Kd3 Ke7 56. a3 Kf6 57. Rf3 Rh2 58. Rf1 Rh5 59.
Kc4 Rxf5 60. Rc1 Rf4+ 61. Kb5 Ke5 62. Rd1 Rd4 63. Re1+ Kd5 64. Rh1 Ke4 65. Kc5
c2 66. Rh4+ Ke3 67. Rh3+ Kf2 68. Rh2+ Ke3 69. Rxc2 1/2-1/2

[Event "67. BEM 2013"]
[Site "Dortmund"]
[Date "2013.02.19"]
[Round "2.15"]
[White "Vogt, Christian"]
[Black "Busse, Siegfried"]
[Result "1-0"]
[WhiteElo "1494"]
[BlackElo "1298"]
[PlyCount "99"]
[EventDate "2013.??.??"]
[Source "SG Dortmund"]
[SourceDate "2004.12.16"]

1. d4 d5 2. c4 c5 3. e3 e6 4. Nc3 Nf6 5. Nf3 Be7 6. Bd3 Nc6 7. O-O O-O 8. b3 a6
9. Bb2 Qc7 10. Qe2 h6 11. Rac1 Bd7 12. cxd5 exd5 13. dxc5 Bg4 14. h3 Bh5 15.
Qd1 Ne5 16. Be2 Nxf3+ 17. Bxf3 Bxf3 18. Qxf3 Rad8 19. Rfd1 Qc6 20. b4 Qe6 21.
Ne2 Qe4 22. Qxe4 dxe4 23. Rd4 Rxd4 24. Nxd4 Nd5 25. Nf5 Bf6 26. Bxf6 Nxf6 27.
Rd1 Re8 28. Rd4 Kh7 29. Nd6 Re7 30. Nf5 Rc7 31. Nd6 Re7 {(=)} 32. a4 Kg6 33.
Kf1 Re5 34. Ke2 Re7 35. Kd2 Rd7 36. Kc3 Re7 37. Kc4 Rc7 38. Nxe4 b6 39. Nxf6
Kxf6 40. Rd6+ Ke7 41. Rxb6 Ra7 42. c6 Kd6 43. Rb7 Rxb7 44. cxb7 Kc7 45. Kc5
Kxb7 46. b5 axb5 47. Kxb5 f6 48. h4 g6 49. e4 h5 50. f4 1-0

[Event "67. BEM 2013"]
[Site "Dortmund"]
[Date "2013.02.19"]
[Round "2.16"]
[White "Skoecz, Horst"]
[Black "Duschek, Günter"]
[Result "0-1"]
[WhiteElo "1183"]
[BlackElo "1488"]
[PlyCount "146"]
[EventDate "2013.??.??"]
[Source "SG Dortmund"]
[SourceDate "2004.12.16"]

1. e4 d5 2. exd5 Qxd5 3. Nc3 Qd8 4. Be2 c6 5. d4 Bf5 6. Nf3 e6 7. Bd3 Bxd3 8.
Qxd3 Nf6 9. Bg5 Be7 10. Bxf6 Bxf6 11. Ne4 O-O 12. Nxf6+ Qxf6 13. O-O Rd8 14.
Qe3 Nd7 15. Rad1 h6 16. Rd2 Nb6 17. Qe5 Qxe5 18. Nxe5 f6 19. Nf3 Nc4 20. Rd3 e5
21. Rc3 e4 22. Rxc4 exf3 23. gxf3 Rd5 24. Re1 Kf7 25. c3 a5 26. a4 Rg5+ 27. Kf1
Rf5 28. Re3 Rh5 29. Kg1 Rd8 30. b4 Rg5+ 31. Kh1 axb4 32. cxb4 Rgd5 33. Rd3 Rg5
34. a5 Re8 35. Re3 Rd8 36. a6 bxa6 37. Rxc6 Rxd4 38. Rc7+ Kg6 39. Re1 Rxb4 40.
Ra7 Ra4 41. f4 Rxf4 42. Rg1 Rxf2 43. Rxa6 Rxg1+ 44. Kxg1 Rb2 45. h3 Kh5 46. Ra3
g5 47. Rf3 Kg6 48. Rg3 f5 49. h4 g4 50. Rd3 Rb5 51. Kg2 Kh5 52. Kg3 Rb4 53. Rd5
Rb3+ 54. Kg2 Rf3 55. Rd6 Kxh4 56. Rxh6+ Kg5 57. Rh8 Ra3 58. Rc8 Ra2+ 59. Kf1
Kf4 60. Rc4+ Kg3 61. Rc3+ Kh4 62. Rc4 Kg5 63. Rc5 g3 64. Kg1 Kg4 65. Kh1 Kh3
66. Rc1 f4 67. Rf1 g2+ 68. Kg1 gxf1=Q+ 69. Kxf1 Kg3 70. Ke1 Kg2 71. Kd1 f3 72.
Kc1 f2 73. Kb1 Re2 0-1

[Event "67. BEM 2013"]
[Site "Dortmund"]
[Date "2013.02.19"]
[Round "2.17"]
[White "Benke, Werner"]
[Black "Wangrin, Stefan A"]
[Result "1-0"]
[WhiteElo "1457"]
[BlackElo "1213"]
[PlyCount "49"]
[EventDate "2013.??.??"]
[Source "SG Dortmund"]
[SourceDate "2004.12.16"]

1. e4 c5 2. Nf3 e6 3. d4 Nc6 4. d5 exd5 5. exd5 Qe7+ 6. Be2 Ne5 7. O-O Nxf3+ 8.
Bxf3 Qd6 9. g3 Nf6 10. Re1+ Be7 11. Bf4 Qb6 12. d6 O-O 13. Rxe7 Re8 14. Rxe8+
Nxe8 15. b3 a5 16. Nc3 Qd8 17. Qd2 Ra6 18. Re1 Kf8 19. Qd3 g6 20. Re7 Rxd6 21.
Rxe8+ Qxe8 22. Qxd6+ Kg8 23. Qe5 Qf8 24. Nb5 b6 25. Nd6 1-0

[Event "67. BEM 2013"]
[Site "Dortmund"]
[Date "2013.02.19"]
[Round "2.18"]
[White "Schmidt, Andreas N"]
[Black "Grawe, Herbert"]
[Result "1-0"]
[WhiteElo "915"]
[BlackElo "1450"]
[PlyCount "65"]
[EventDate "2013.??.??"]
[Source "SG Dortmund"]
[SourceDate "2004.12.16"]

1. e4 Nc6 2. Nf3 e5 3. Nc3 a6 4. Bc4 Bc5 5. O-O d6 6. h3 Nge7 7. Ng5 d5 8. exd5
Nxd5 9. Nxd5 Qxg5 10. d4 Qg6 11. dxc5 Bxh3 12. Qf3 Bg4 13. Qd3 e4 14. Nxc7+ Kf8
15. Qd6+ Qxd6 16. cxd6 Rd8 17. Bf4 g5 18. f3 exf3 19. gxf3 Bh3 20. Bxg5 Rxd6
21. Rfe1 Bd7 22. Rad1 Rxd1 23. Rxd1 Ne5 24. Bf6 Rg8+ 25. Kf2 Ng4+ 26. fxg4 Rxg4
27. Rd4 Rg6 28. Rd6 h5 29. Nd5 Bc6 30. Rd8+ Be8 31. Be7+ Kg7 32. Rxe8 Rg4 33.
Be2 1-0

[Event "67. BEM 2013"]
[Site "Dortmund"]
[Date "2013.02.19"]
[Round "2.19"]
[White "Simon, Stefan"]
[Black "Böckmann, Lieselotte"]
[Result "1/2-1/2"]
[WhiteElo "1440"]
[BlackElo "938"]
[PlyCount "43"]
[EventDate "2013.??.??"]
[Source "SG Dortmund"]
[SourceDate "2004.12.16"]

1. e4 e6 2. d4 a6 3. Nf3 b5 4. Bf4 Nf6 5. Bd3 Bb7 6. Nbd2 Be7 7. O-O O-O 8. Re1
d6 9. e5 Nd5 10. exd6 cxd6 11. Bg3 g6 12. Be4 Nd7 13. c4 bxc4 14. Nxc4 N7f6 15.
Bxd5 Bxd5 16. Rc1 Re8 17. b3 Bxf3 18. Qxf3 d5 19. Ne5 Rf8 20. Nc6 Qe8 21. Bh4
Rc8 22. Nxe7+ 1/2-1/2

[Event "67. BEM 2013"]
[Site "Dortmund"]
[Date "2013.02.21"]
[Round "3.1"]
[White "Begna, Bozidar"]
[Black "Kohlweyer, Bernd"]
[Result "0-1"]
[WhiteElo "1929"]
[BlackElo "2434"]
[PlyCount "52"]
[EventDate "2013.??.??"]
[Source "SG Dortmund"]
[SourceDate "2004.12.16"]

1. c4 g6 2. Nc3 c5 3. g3 Bg7 4. Bg2 Nc6 5. Nf3 d6 6. O-O Qd7 7. Rb1 b6 8. a3
Bb7 9. b4 Nh6 10. Qc2 O-O 11. e3 Rac8 12. Qa2 Ng4 13. Ne1 Nd8 14. Bxb7 Qxb7 15.
Ne2 Nc6 16. bxc5 dxc5 17. Bb2 Bxb2 18. Qxb2 Rfd8 19. d4 Na5 20. Qb5 Qd7 21. Rd1
Ne5 22. dxe5 Qxd1 23. Nc3 Qb3 24. Qxb3 Nxb3 25. Nf3 Na5 26. Nd5 Kf8 0-1

[Event "67. BEM 2013"]
[Site "Dortmund"]
[Date "2013.02.21"]
[Round "3.3"]
[White "Lauche, Christoph"]
[Black "Zelt, Jens"]
[Result "1-0"]
[WhiteElo "1914"]
[BlackElo "2066"]
[PlyCount "47"]
[EventDate "2013.??.??"]
[Source "SG Dortmund"]
[SourceDate "2004.12.16"]

1. e4 c5 2. a3 d6 3. b4 b6 4. Nf3 e5 5. Nc3 Nf6 6. Bb5+ Bd7 7. Bxd7+ Qxd7 8.
O-O Be7 9. d3 Nc6 10. Rb1 O-O 11. Ne2 cxb4 12. axb4 b5 13. Ng3 d5 14. c4 dxe4
15. dxe4 Nxb4 16. Qxd7 Nxd7 17. Nf5 Bc5 18. Be3 a5 19. Nxe5 Bxe3 20. Nxd7 Ba7
21. Ne7+ Kh8 22. Nxf8 Rxf8 23. cxb5 Rb8 24. Nc6 1-0

[Event "67. BEM 2013"]
[Site "Dortmund"]
[Date "2013.02.21"]
[Round "3.4"]
[White "Schiefelbusch, Dirk"]
[Black "Zachos, Ingo"]
[Result "0-1"]
[WhiteElo "2061"]
[BlackElo "1884"]
[PlyCount "126"]
[EventDate "2013.??.??"]
[Source "SG Dortmund"]
[SourceDate "2004.12.16"]

1. Nf3 Nf6 2. d4 g6 3. Bg5 Bg7 4. e3 O-O 5. Be2 d6 6. h3 Qe8 7. O-O e5 8. c4 c6
9. Nc3 a6 10. b4 Nbd7 11. Rc1 h6 12. Bh4 exd4 13. exd4 Nh5 14. Re1 Ndf6 15. Nh2
Qd7 16. Ng4 Re8 17. Qd2 g5 18. Nxf6+ Nxf6 19. Bg3 Qd8 20. Bf3 Bd7 21. d5 cxd5
22. Nxd5 Nxd5 23. Bxd5 Bc6 24. Bxc6 bxc6 25. Qxd6 Rxe1+ 26. Rxe1 Bc3 27. Re7
Qxd6 28. Bxd6 Rd8 29. c5 Bxb4 30. Rc7 Re8 31. Rxc6 Re1+ 32. Kh2 Re2 33. Rxa6
Rxf2 34. a3 Ra2 35. a4 (35. axb4 $1 Rxa6 36. b5 Ra5 37. c6 $1 {[Schulenburg]})
35... Rc2 36. Rc6 Ra2 37. Ra6 Rc2 38. Rc6 Ra2 39. Rc8+ Kh7 40. Ra8 Rc2 41. Rc8
Ra2 42. Be5 Rxa4 43. g4 Ra2+ 44. Kg3 f6 45. Bxf6 Be1+ 46. Kf3 Rf2+ 47. Ke4 Rxf6
48. c6 Bg3 49. Kd5 Rd6+ 50. Kc5 Rd1 51. Re8 Bf2+ 52. Kc4 Bg3 53. Kb5 Bd6 54.
Rd8 Rb1+ 55. Ka6 Bf4 56. Rd7+ Kg6 57. Re7 Rb3 58. Re6+ Kg7 59. Re7+ Kf6 60. Rh7
Rxh3 61. c7 Rc3 62. Rxh6+ Kg7 63. Re6 Rxc7 0-1

[Event "67. BEM 2013"]
[Site "Dortmund"]
[Date "2013.02.21"]
[Round "3.5"]
[White "Kropp, Andreas"]
[Black "Schütz, Ralf"]
[Result "1-0"]
[WhiteElo "1908"]
[BlackElo "1848"]
[PlyCount "67"]
[EventDate "2013.??.??"]
[Source "SG Dortmund"]
[SourceDate "2004.12.16"]

1. Nf3 d5 2. d3 Nc6 3. Bf4 Nf6 4. h3 e6 5. Nbd2 Bd6 6. e3 Bxf4 7. exf4 Qd6 8.
g3 Bd7 9. Bg2 O-O-O 10. O-O h5 11. Re1 h4 12. Nxh4 Rxh4 13. gxh4 Qxf4 14. Nf3
Nh5 15. Qd2 Qd6 16. d4 f6 17. a3 Nf4 18. b4 Nxg2 19. Kxg2 a6 20. Qe3 Ne7 21. a4
Nf5 22. Qd2 e5 23. dxe5 fxe5 24. h5 e4 25. Ng5 Nh4+ 26. Kh1 Rf8 27. Ra3 Qh6 28.
b5 Rf5 29. Rg1 Qxh5 30. Rgg3 axb5 31. axb5 Bxb5 32. Nxe4 Nf3 33. Nc5 Ba6 34.
Qd1 1-0

[Event "67. BEM 2013"]
[Site "Dortmund"]
[Date "2013.02.21"]
[Round "3.6"]
[White "Grube, Jörg"]
[Black "Kesselmeier, Klaus"]
[Result "1-0"]
[WhiteElo "1789"]
[BlackElo "1365"]
[PlyCount "57"]
[EventDate "2013.??.??"]
[Source "SG Dortmund"]
[SourceDate "2004.12.16"]

1. e4 e5 2. f4 exf4 3. Nf3 d6 4. d4 Be7 5. Bxf4 Bg4 6. Qd3 Nd7 7. Qb3 Bxf3 8.
Qxf3 Bf6 9. c3 Ne7 10. Bc4 O-O 11. O-O Ng6 12. Bg3 Qe7 13. Nd2 c6 14. Rf2 b5
15. Bb3 a5 16. Nf1 a4 17. Bc2 c5 18. Ne3 Nb6 19. Nf5 Qd8 20. Bxd6 Re8 21. Bxc5
Nc4 22. Bd3 Qc7 23. Bxc4 bxc4 24. Ba3 Ra6 25. Raf1 Nf8 26. e5 Bd8 27. Nd6 Rxd6
28. Bxd6 Qd7 29. Qd5 1-0

[Event "67. BEM 2013"]
[Site "Dortmund"]
[Date "2013.02.21"]
[Round "3.7"]
[White "Hoppe, Dirk"]
[Black "Vogt, Christian"]
[Result "1-0"]
[WhiteElo "1843"]
[BlackElo "1494"]
[PlyCount "39"]
[EventDate "2013.??.??"]
[Source "SG Dortmund"]
[SourceDate "2004.12.16"]

1. e4 e5 2. Nc3 Nf6 3. f4 d5 4. fxe5 Nxe4 5. Nf3 Bb4 6. Qe2 Bxc3 7. dxc3 c6 8.
Bf4 Qb6 9. O-O-O O-O 10. Ng5 Bf5 11. g4 Bxg4 12. Qxg4 Nf2 13. Qh5 h6 14. Bd3
Nxh1 15. Rxh1 Na6 16. Nh7 Rfe8 17. Nf6+ gxf6 18. Qxh6 f5 19. Be3 c5 20. Rg1+
1-0